1974 1014 1997 1197 1046 1096 1569 1027 1574 1968 1745 1868 1137 1522 1110 1519 1108 1514 1412 1470 1119 1209 1584 1839 1030 1964 1848 1037 1288 1277 1143 1482 1329 1356 1708 1199 1392 1516 1645 1134 1161 1451 1930 1993 1047 1615 1064 1442 1093 1134 1624 1628 1742 1993 1498 1061 1224 1668 1000 1370 1930 1239 1083 1387 1479 1979 1855 1120 1750 1982 1239 1908 1555 1617 1234 1603 1974 1158 1523 1233 1067 1106 1818 1517 1339 1816 1541 1041 1298 1651 1645 1697 1096 1675 1400 1623 1119 1389 1956 BCNSPRNW ULIB Ver.6.0+V

เปลี่ยนเป็นภาษาไทย

Change to English
 แสดงรายละเอียดบรรณานุกรม
  กลับหน้าหลัก

Brief Record : Get Marc (ISO 2709) : E-mail record : QR code < ปิดหน้าต่าง
LEADER : 00000nam 2200000uu 4500
001    13399111772
003     ULIB
008    110627s2552||||th 000 0 tha d
020    9786160600311
090    นว.^bต113จ 2552
100 0  ตู้โม่อวี่
245 00 พระพันปีตัวร้าย ชุด ตำหนักรักนิรันดร์/^cตู้โม่อวี่
250    พิมพ์ครั้งที่ 1
260    กรุงเทพฯ :^bแจ่มใส,^c2552
300    414 หน้า
945    ^p259^l0^i026736
995    ทศพร
999 ^a ใช้งานได้ทุกระบบ
รายการนี้ยังไม่มีแท็ก
คุณยังไม่ได้ล็อกอิน คุณสามารถมีกิจกรรมร่วมกับเว็บไซต์ได้ แต่ต้องล็อกอินก่อน ::
  ล็อกอิน

รายการสื่อสารสนเทศ

ลำดับที่ ประเภท เลขเรียก/บาร์โค้ด สถานที่ สถานะ
- ไม่พบข้อมูล -

BibComment


ยังไม่เคยถูกคอมเมนท์

คอมเมนท์ทรัพยากรรายการนี้
  คอมเมนท์: พระพันปีตัวร้าย ช..


 Copyright 2026. Bcnsprnw @Library